30 of the most challenging world capitals - Statistics

General Stats
  • This quiz has been taken 32 times
  • The average score is 18 of 30
Answer Stats
Hint Answer % Correct
MOLDOVA CHISINAU
81%
ERITREA ASMARA
77%
TUVALU FUNAFUTI
74%
CHAD N'DJAMENA
74%
BURKINA FASO OUAGADOUGOU
74%
SURINAME PARAMARIBO
74%
NIGER NIAMEY
71%
MONTENEGRO PODGORICA
71%
GUINEA CONAKRY
68%
DOMINICA ROSEAU
68%
CENTRAL AFRICAN REPUBLIC BANGUI
65%
BURUNDI GITEGA
65%
ESWATINI MBABANE
65%
CAPE VERDE PRAIA
65%
COMOROS MORONI
61%
TONGA NUKU'ALOFA
61%
BRUNEI BANDAR SERI BEGAWAN
55%
MALAWI LILONGWE
55%
MARSHALL ISLANDS MAJURO
55%
LESOTHO MASERU
55%
MYANMAR NAYPYIDAW
55%
FEDERATED STATES OF MICRONESIA PALIKIR
55%
NAURU YAREN
55%
SOLOMON ISLANDS HONIARA
52%
EQUATORIAL GUINEA MALABO
52%
PALAU NGERULMUD
52%
MAURITANIA NOUAKCHOTT
52%
KIRIBATI SOUTH TARAWA
52%
IVORY COAST YAMOUSSOUKRO
52%
SRI LANKA SRI JAYAWARDENEPURA KOTTE
35%
No matching quizzes found
Score Distribution
Percent of People with Each Score
Percentile by Number Answered
Your Score History
You have not taken this quiz